LEADER 00941nab a2200253 i 4500
001 misc64903
005 20240920161843.0
008 240222s1941 hu o 000 hun d
040 |a SZTE Miscellanea Repozitórium  |b hun 
041 |a hun 
100 1 |a Szilády Zoltán 
245 1 2 |a A turul-probléma  |h [elektronikus dokumentum] /  |c  Szilády Zoltán 
260 |c 1941 
300 |a 351-359  |c 24 cm 
300 |a [9] p.  |c 24 cm 
490 0 |a Természet világa : természettudományi közlöny : a Tudományos Ismeretterjesztő Társulat és a Magyar Hivatalos Közlönykiadó folyóirata 
561 |a Németh Gyula hagyaték 
591 |a NOA 5861 
650 4 |a Társadalomtudományok 
650 4 |a Szociológia 
650 4 |a Bölcsészettudományok 
650 4 |a Történettudomány és régészet 
695 |a Néprajz - magyar, Turul madár 
856 4 0 |u http://misc.bibl.u-szeged.hu/64903/1/5861_noa.pdf  |z Dokumentum-elérés